000 00781nam a2200253Ia 4500
003 OSt
005 20220928120311.0
006 a|||||r|||| 00| 0
007 ta
008 220927b |||||||| |||| 00| 0 san d
020 _cINR 600.00
024 _a135087
037 _b304, 09/03/2017, Eastern Book Linkers
_cTextual
040 _aSDCL
_cSDCL
_bsan
041 _2san
_asan
082 _aO152,1N.2, Q6
100 _aTripadhi Deepti Sharma
_9448562
245 0 _aKavyasarjana
_b Bhartiya evam pashchatya drishti
260 _aDelhi
_bNew Bhartiya Book
_c2016
300 _axii,242p.
_ccm.
650 _aSanskrit
_9391587
942 _hO152,1N.2, Q6
_cTEXL
_2CC
999 _c763125
_d763125